Classic British Cars by Partial Picture - Statistics

General Stats
  • This quiz has been taken 223 times
  • The average score is 8 of 15
Answer Stats
Picture Hint Answer % Correct
Jaguar E Type
87%
Morris Minor
84%
Ford Escort
83%
DMC DeLorean
77%
Jensen Interceptor
71%
Hillman Imp
69%
Bond Bug
61%
Peel P50
59%
Triumph Dolomite
48%
Vauxhall Chevette
41%
Lotus Europa
33%
Reliant Regal
32%
Bentley Blower
31%
Austin A30
28%
Vauxhall Cresta
20%
No matching quizzes found
Score Distribution
Percent of People with Each Score
Percentile by Number Answered
Your Score History
You have not taken this quiz